000 01226nam a22003497a 4500
003 CHAP
005 20220329133313.0
008 971013s1984 r 00010 d
010 _a4616
011 _a5588
035 _a4802
040 _cCHAP
082 _a630.72
_bI55no 1989-90
110 _aINIFAP. México. Centro de Investigaciones Agrícolas del Noroeste
_958778
245 _aAvances de la investigación CIANO
_b: otoño-invierno 1989-1990
260 _aCd. Obregón, Son. :
_bINIFAP,
_c1984
300 _a128 p.
490 _aAvances de la investigación CIANO
_v; 27
500 _ac. de INIA. México. Centro... Avances
590 _aBATCH-UPD
_b10
_c20130110
_lUCH01
_h1016
590 _aBATCH-UPD
_b10
_c20130410
_lUCH01
_h0623
590 _aBATCH-UPD
_b10
_c20130913
_lUCH01
_h2119
590 _aBATCH-UPD
_b10
_c20130914
_lUCH01
_h1855
590 _aCONVERSION
_b10
_c20130109
_lUCH01
_h1304
650 1 4 _aAgricultura
_xInvestigación
_xSonora.
_91676
650 1 4 _aAgricultura
_xSonora.
_91824
700 0 _aPacheco M., Francisco.
_984565
830 0 _aAvances de la investigación CIANO
_v; 27
_98481
901 _aBK
942 _cLIBRO
949 _a630.72 I55no 1989-90
_bBC
_cCONG
_d-14365
_eCONG
_h87271
_i4802
_si
999 _c4616
_d4616